Central Library OPAC University of Rajshahi

The works of Aristotle translated into English under the editorship of W. D. Ross / .. (Record no. 30904)

MARC details
000 -LEADER
fixed length control field 00870nam a2200265 a 4500
001 - CONTROL NUMBER
control field 30904
003 - CONTROL NUMBER IDENTIFIER
rucl marc code BD-RjUL
005 - DATE AND TIME OF LATEST TRANSACTION
control field 20211209051631.0
008 - FIXED-LENGTH DATA ELEMENTS--GENERAL INFORMATION
fixed length control field 140412m1967 1937enka 000 0 eng
035 ## - SYSTEM CONTROL NUMBER
System control number (BD-RjUL)30991
040 ## - CATALOGING SOURCE
Original cataloging agency DLC
Transcribing agency CarP
Modifying agency BD-RjUL
Language of cataloging eng
041 ## - LANGUAGE CODE
Language code of text/sound track or separate title eng
082 ## - DEWEY DECIMAL CLASSIFICATION NUMBER
Classification number 185
Author mark and year ARW V-12 1967
100 0# - MAIN ENTRY--PERSONAL NAME
Personal name Aristotle.
9 (RLIN) 93905
245 04 - TITLE STATEMENT
Title The works of Aristotle translated into English under the editorship of W. D. Ross / ..
Number of part/section of a work VOLUME XII.
Name of part/section of a work SELECT FRAGMENTS.
260 ## - PUBLICATION, DISTRIBUTION, ETC. (IMPRINT)
Place of publication, distribution, etc. Oxford :
Name of publisher, distributor, etc. Clarendon press,
Date of publication, distribution, etc. 1967
300 ## - PHYSICAL DESCRIPTION
Pagination xii ,162 p. :
Illustrations illus., diagrs.
Size 23 cm.
600 ## - SUBJECT ADDED ENTRY--PERSONAL NAME
Personal name Aristotle.
700 1# - ADDED ENTRY--PERSONAL NAME
Personal name Ross, W. D.
Fuller form of name (William David),
Dates associated with a name 1877-1971,
Relator term ed.
Personal name Smith, J. A.
Fuller form of name (John Alexander),
Dates associated with a name 1863-1939,
Relator term joint ed.
942 ## - ADDED ENTRY ELEMENTS (KOHA)
Source of classification or shelving scheme Dewey Decimal Classification
Koha item type Books
Holdings
Lost status Source of classification or shelving scheme Damaged status Not for loan Collection code Permanent Location Current Location Shelving location Date acquired Source of acquisition Total Checkouts Full call number Date last seen Copy number Koha item type
  Dewey Decimal Classification     Non-fiction Central Library, University of Rajshahi Central Library, University of Rajshahi   23/12/1970 Sweet + Zeitlinger   185 ARW V-12 1967 12/04/2014 C-2 Books
  Dewey Decimal Classification   Not For Loan Non-fiction Central Library, University of Rajshahi Central Library, University of Rajshahi Reading Room 25/03/1955 O. U. P   185 ARW V-12 1952 12/04/2014 C-1 Books